000 00471nam a2200157 i 4500
001 58305
003 ES-MaACL
005 20230906163756.0
007 t|
008 031021s1955 sp ||||1| spa d
100 1 _aDurán Muñoz, García.
_946230
245 1 0 _aElogio de la alegría /
_c[autor y] prólogo de García Durán Muñoz.
260 _aMadrid :
_bAfrodisio Aguado,
_c[1955] (
_fEscelicer)
300 _a129 p. ;
_c18 cm.
852 _aES-MaACL
_jC-10698
_bR.37916
999 _c58305
_d58305